Reimagined Literature Quiz Stats

 Plays Quiz Updated May 24, 2013

Score 0/18 Timer 06:00
1 Play Today
Author Title % Correct
James JoyceUlysses
74%
Gregory MaguireWicked
57.1%
Tom StoppardRosencrantz and Guildenstern are Dead
31.5%
Michael CunninghamThe Hours
23.9%
John GardnerGrendel
22.7%
Jean RhysWide Sargasso Sea
21.3%
Helen FieldingBridget Jones's Diary
20.3%
Jane SmileyA Thousand Acres
9.5%
Alice RandallThe Wind Done Gone
8.7%
Author Title % Correct
Neil GaimanThe Graveyard Book
8.4%
Zadie SmithOn Beauty
7.8%
Geraldine BrooksMarch
7.5%
Margaret AtwoodThe Penelopiad
7%
Eugene O'NeillMourning Becomes Electra
6.4%
C.S. LewisTill We Have Faces
4.8%
J.M. CoetzeeFoe
3.4%
John UpdikeGertrude and Claudius
3.2%
David WroblewskiThe Story of Edgar Sawtelle
2.5%

You're not logged in!

Compare scores with friends on all Sporcle quizzes.
OR
Log In

Sporcle TV

Today on Sporcle TV


Watch our educational content, quiz creation guides, and fun videos on Sporcle TV.

Show Comments

Extras

Top Quizzes Today


Score Distribution

Your Account Isn't Verified!

In order to create a playlist on Sporcle, you need to verify the email address you used during registration. Go to your Sporcle Settings to finish the process.

Report this User

Report this user for behavior that violates our Community Guidelines.

Details: